000 00432nam a2200181Ia 4500
001 4313
005 20260306145746.0
008 260306t2008||||xx |||||||||||||| ||spa||
041 _aESP
082 _a320.55
_bB33
100 _aBeauvais, Vicente de
_eAUT
245 0 _aDe la formación moral del príncipe
260 _c2008
300 _a243 páginas :
_c20 cm.
650 _aGEN
654 _aCDE
942 _cLIB
_dJUS
_fJUS
_2ddc
_n
999 _c4313
_d4313